| 000 | 00348nam a2200133Ia 4500 | ||
|---|---|---|---|
| 005 | 20251222153625.0 | ||
| 008 | 251222s9999||||xx |||||||||||||| ||spa|| | ||
| 020 | _a9788495077318 | ||
| 082 | _a582.160.97/A33 | ||
| 245 | 0 | _aManual de la Plantación de Maderas Nobles: | |
| 250 | _a1ra.ed. | ||
| 264 | _bAidima Instituto Tecnológico | ||
| 942 | _cLIB | ||
| 999 |
_c32147 _d32147 |
||